000 00294nam a2200133 4500
008 181031b xxu||||| |||| 00| 0 eng d
020 _a0071417370
041 _aeng
080 _a339
100 _a59
101 _aTRE
245 _aSecrets of the Undergroundtrader
_cYu,J
942 _2ddc
_cBK
999 _c51307
_d51307